000 00652cam a2200241 a 4500
001 3370008
005 20180308051010.0
008 870504r19871970nyu b 001 0 eng
010 _a 87061366
020 _a0879754109 (pbk.) :
_c$5.95
040 _aDLC
_cDLC
_dDLC
041 _aeng
043 _an-us---
080 _a342.73 HOO
082 0 0 _a342.73 HOO
_a347.302
_219
100 1 _a24
101 _aFIL
245 1 0 _aParadoxes of freedom /
_cSidney Hook.
504 _aBibliography: p. 140-148.
906 _a7
_bcbc
_corignew
_d2
_eopcn
_f19
_gy-gencatlg
942 _2ddc
_cBK
999 _c44448
_d44448